000 00387nam a2200169Ia 4500
100 _aChestnut/ H/ Mayer/R.W
250 _a2
490 _v1
942 _cBK
654 _aservomechanism
245 _aServomechanisms & regulating system design
260 _bJohn wiley and sons
_aNew York
_c1959
082 _a629.8323
_bCHA/MA
300 _a680
546 _aENGLISH
999 _c18169
_d18169